| 000 | 00534nam a2200193Ia 4500 | ||
|---|---|---|---|
| 005 | 20250508153215.0 | ||
| 008 | 008 250505s9999 xx 000 0 eng d | ||
| 037 | _aTextual | ||
| 040 |
_aFEDL _beng _cFEDL |
||
| 041 |
_aeng _2eng |
||
| 084 |
_a371.42, IND _qFEDL |
||
| 245 | 0 | _aDealing with people | |
| 245 | 0 | _cIndia. Education, (Ministry of ...) | |
| 260 | _c1956 | ||
| 300 | _a23p | ||
| 490 | _aA series of occupational orientation filmstrips; 4 | ||
| 942 |
_cTEXL _h371.42, IND |
||
| 999 |
_c1341245 _d1341245 |
||